000 00702nam a22002057a 4500
999 _c6536
_d6536
003 AR-CdUCM
008 190318b ||||| |||| 00| 0 spa d
040 _aMUNICIPALIDAD PROVINCIAL DEL CUSCO
_cBIBLIOTECA MUNICIPAL DEL CUSCO
082 _a030 /
_bM22
100 _aManero, Antonio
_918467
245 _aDiccionario antológico del pensamiento universal /
260 _aMéxico :
_bAtenea,
_c1958.
300 _a1978 paginas ;
_c23 cm.
505 _aContenido : Abandono -- Abatimiento -- Abdicación -- Abnegación -- Aborrecimiento ...
650 _aDiccionario Antologico
_918468
650 _aDiccionario universal
_918469
650 _aDiccionario
_95196
942 _2ddc
_cLIBROS
945 _arah